000 01274nam0a22002891 4500
001 rc\2770668
005 20250806204340.0
035 _a(NLR Aleph) 006897049
090 _a26387
_c26387
100 _a20110915d1941 u y0rusy50 ca
101 0 _arus
102 _aRU
105 _aa z |||||
200 1 _aХимикаты и аппаратура для борьбы с амбарными вредителями
_e(По материалам Всесоюз. конкурса на химикаты и аппаратуры для борьбы с вредителями зернопродуктов)
_fВ. С. Шмалько
_gВсесоюз. науч. инж.-техн. о-во мукомольно-крупяной пром-сти и элеваторно-складского хоз-ва
210 _aМосква
_cЗаготиздат
_d1941
215 _a71 с.
_cил.
_d22 см.
320 _aБиблиогр.: с. 69-70
700 1 _aШмалько
_bВ.С.
_gВасилий Сергеевич
801 0 _aRU
_bNLR
_gpsbo
801 1 _aRU
_bELAR
_2rusmarc
852 _aNLR
_j69-6/7211
852 _aNLR
_bМф
_jК1/473
942 _cBOOK
945 _aРоссийская национальная библиотека
980 _aNB
980 _aBV